UITU Library & LRC     

WIMAX Technology (Record no. 33537)

MARC details
000 -LEADER
fixed length control field 00461nam a2200133Ia 4500
008 - FIXED-LENGTH DATA ELEMENTS--GENERAL INFORMATION
fixed length control field 260210s9999 xx 000 0 und d
024 ## - OTHER STANDARD IDENTIFIER
Standard number or code 04B-024-TE, 04B-061-TE, 04B-013-TE & 04B-020-TE
082 ## - DEWEY DECIMAL CLASSIFICATION NUMBER
Classification number 621.38456072 SHU
100 ## - MAIN ENTRY--PERSONAL NAME
Personal name Shuja Hashmi, Faiz-ur-Rehman Khan, M. Shoaib & Syed Zeeshan Nasir
245 #0 - TITLE STATEMENT
Title WIMAX Technology
260 ## - PUBLICATION, DISTRIBUTION, ETC.
Place of publication, distribution, etc. Karachi:
Name of publisher, distributor, etc. UITU,
Date of publication, distribution, etc. 2004
600 ## - SUBJECT ADDED ENTRY--PERSONAL NAME
Personal name Telecommunication Engineering
650 ## - SUBJECT ADDED ENTRY--TOPICAL TERM
Topical term or geographic name entry element Bachelor of Engineering (BE)

No items available.

Powered by Koha